000 01335nam a2200325 i 4500
003 EG-GICUC
005 20260121101530.0
008 251221s2008 ua ||||fr|||| 000 0 ara d
017 _a2007/19124
020 _a977-379-047-9
040 _a EG-GICUC
_bara
_c EG-GICUC
_d EG-GICUC
_erda
041 _aara
082 0 4 _221
_a345.456
_bم ح . ت
092 0 4 _221
099 _aLaw1 07 345.456 م ح . ت 2008
100 0 _aمحمد ابراهيم خيري الوكيل
_eمؤلف.
245 1 2 _aالتظلم الإداري ومسلك الإدارة الإيجابي في ضوء أراء الفقه وأحكام القضاء /
_cالدكتور محمد ابراهيم خيري الوكيل.
264 1 _aالإسكندرية :
_bدار الفكر الجامعي,
_c2008.
300 _a255 صفحة؛
_c24 سم
_bإيضاحيات، صور، مثيليات ؛
336 _2rda content
_atext
337 _2rda media
_aComputer
338 _2rda carrier
_aOnline Resource
504 _a. 252-249 ببليوجرافيا: صفحات.
546 _aالنص باللغة العربية
650 1 4 _aاجراءات وضمانات تأديب العاملين المدنين بالدولة
_2qrmak
651 1 _2qrmak
856 4 0 _uhttps://fll.law.cu.edu.eg/fulltext/bks/B07-01745.pdf
905 _a79
942 _2ddc
_cBK
_e21
_n0
999 _c52090
_d52090